| 000 | 00884nam a22002057a 4500 | ||
|---|---|---|---|
| 005 | 2010080506496.0 | ||
| 010 | _aHIN-90092 | ||
| 020 |
_a8177210041 _c150.00 |
||
| 035 | _aHN-62438 | ||
| 037 | _bDBAD / PUB | ||
| 100 |
_aगोयल, पवन के. _96904 |
||
| 245 |
_aभारतीय वास्तु शास्त्र / _cपवन के. गोयल |
||
| 246 |
_aBharatiya Vastu Shastra _bby Pawan K. Goyal |
||
| 260 |
_aदिल्ली _bसत्साहित्य प्रकाशन _c2009 |
||
| 270 |
_a205-बी चावड़ी बाजार _bदिल्ली _e110006 |
||
| 300 |
_a140पृ _c22सेमी (सजिल्द) _bसचित्र |
||
| 700 | _96534 | ||
| 942 |
_2ddc _cHN _mगोयल |
||
| 999 |
_c39462 _d39462 |
||